000 01358cam a22003134a 4500
001 12193590
003 ARRUPE
005 20220407085946.0
008 001003s2000 enka b 001 0 eng
010 _a 00050129
020 _a0198250851
040 _aDLC
_cDLC
_dDLC
042 _apcc
050 0 0 _aQ175
_b.R393328 2000
082 0 0 _a501
_221
100 1 _aRescher, Nicholas.
_922643
245 1 0 _aNature and understanding :
_bthe metaphysics and method of science /
_cNicholas Rescher.
260 _aOxford :
_bClarendon Press ;
_aNew York :
_bOxford University Press,
_c2000.
300 _aix, 186 p. :
_bill. ;
_c23 cm.
504 _aIncludes bibliographical references (p. [180]-184) and index.
650 0 _aScience
_xPhilosophy.
650 0 _aMetaphysics.
856 4 2 _3Publisher description
_uhttp://www.loc.gov/catdir/enhancements/fy0610/00050129-d.html
856 4 1 _3Table of contents only
_uhttp://www.loc.gov/catdir/enhancements/fy0610/00050129-t.html
856 4 2 _3Contributor biographical information
_uhttp://www.loc.gov/catdir/enhancements/fy0724/00050129-b.html
906 _a7
_bcbc
_corignew
_d1
_eocip
_f20
_gy-gencatlg
942 _2lcc
_cMONOGRAPH
999 _c131272
_d131272